Statistics for Most Beautiful Countries

Click here to take the quiz!

General Stats

  • This quiz has been taken 528 times
    (95 since last reset)
  • The average score is 16 of 20

Answer Stats

PositionCountryContinent% Correct
3CanadaNorth America
96%
5FranceEurope
95%
2ItalyEurope
93%
11United States of AmericaNorth America
92%
1New ZealandOceania
91%
8AustraliaOceania
90%
14ArgentinaSouth America
88%
6United KingdomEurope
86%
20JapanAsia
85%
9GreeceEurope
84%
7NorwayEurope
81%
10South AfricaAfrica
79%
4SwitzerlandEurope
79%
16IndiaAsia
78%
12ChileSouth America
77%
18PortugalEurope
77%
13IcelandEurope
67%
15CroatiaEurope
59%
17IndonesiaAsia
56%
19SloveniaEurope
46%

Score Distribution

Percentile by Number Answered

Percent of People with Each Score

Your Score History

You have not taken this quiz since the last reset